Editorial (notice n° 2061286)
[ vue normale ]
| 000 -LEADER | |
|---|---|
| fixed length control field | 02079cam a2200181 4500500 |
| 005 - DATE AND TIME OF LATEST TRANSACTION | |
| control field | 20260405002813.0 |
| 041 ## - LANGUAGE CODE | |
| Language code of text/sound track or separate title | fre |
| 042 ## - AUTHENTICATION CODE | |
| Authentication code | dc |
| 100 10 - MAIN ENTRY--PERSONAL NAME | |
| Personal name | Authier, Jean-Yves |
| Relator term | author |
| 245 00 - TITLE STATEMENT | |
| Title | Editorial |
| 260 ## - PUBLICATION, DISTRIBUTION, ETC. | |
| Date of publication, distribution, etc. | 2005.<br/> |
| 500 ## - GENERAL NOTE | |
| General note | 19 |
| 520 ## - SUMMARY, ETC. | |
| Summary, etc. | This study addresses a gap in the literature on post-failure resilience by exploring how entrepreneurs convert failure into learning. Drawing on sensemaking and causal attribution theory, it examines ten narratives of Moroccan entrepreneurs who successfully recovered following a total business failure. Analysis using a narrative approach and cognitive mapping shows that attribution type (internal, external, or mixed) and critical reflection are central to sensemaking, stimulating learning and fostering entrepreneurial resilience. The study proposes an integrative framework connecting failure, learning, sensemaking, and resilience, while outlining theoretical and practical implications for post-failure entrepreneurial support. |
| 520 ## - SUMMARY, ETC. | |
| Summary, etc. | Cette recherche comble un gap dans la littérature sur la résilience post-échec en examinant comment les entrepreneurs transforment l’échec en apprentissage. En mobilisant la théorie du sensemaking et des attributions causales, elle analyse dix discours d’entrepreneurs marocains qui ont rebondi après un échec total. L’approche narrative et l’analyse par cartes cognitives révèlent que la nature des attributions (internes, externes ou mixtes) et la réflexion critique sont au cœur du sensemaking et engendrent l’apprentissage, favorisant ainsi la résilience entrepreneuriale post-échec. L’étude propose un cadre intégratif reliant l’échec, l’apprentissage, le sensemaking, la résilience, et met en évidence des implications théoriques et managériales pour l’accompagnement post-échec. |
| 700 10 - ADDED ENTRY--PERSONAL NAME | |
| Personal name | Bidou, Catherine |
| Relator term | author |
| 786 0# - DATA SOURCE ENTRY | |
| Note | Espaces et sociétés | o 120-121 | 2 | 2005-06-01 | p. 7-14 | 0014-0481 |
| 856 41 - ELECTRONIC LOCATION AND ACCESS | |
| Uniform Resource Identifier | <a href="https://shs.cairn.info/journal-espaces-et-societes-2005-2-page-7?lang=en&redirect-ssocas=7080">https://shs.cairn.info/journal-espaces-et-societes-2005-2-page-7?lang=en&redirect-ssocas=7080</a> |
Pas d'exemplaire disponible.




Réseaux sociaux